Mạng và hệ thống điện

Zapisane w:
Opis bibliograficzny
1. autor: A.A.Gladunop
Format: Książka
Język:Undetermined
Wydane: Hà Nội Giáo dục 1964
Hasła przedmiotowe:
Etykiety: Dodaj etykietę
Nie ma etykietki, Dołącz pierwszą etykiete!
Thư viện lưu trữ: Trung tâm Học liệu Trường Đại học Cần Thơ
LEADER 00584nam a2200169Ia 4500
001 CTU_46197
008 210402s9999 xx 000 0 und d
082 |a 621.319 
082 |b G553/T1 
100 |a A.A.Gladunop 
245 0 |a Mạng và hệ thống điện 
245 0 |c A.A.Gladunop 
260 |a Hà Nội 
260 |b Giáo dục 
260 |c 1964 
650 |a electric network analysis,electric power distribution,electric power systems - management,electric power transmission - equipments and supplies 
980 |a Trung tâm Học liệu Trường Đại học Cần Thơ